<?xml version="1.0" encoding="UTF-8"?>
<record
    xmlns:xsi="http://www.w3.org/2001/XMLSchema-instance"
    xsi:schemaLocation="http://www.loc.gov/MARC21/slim http://www.loc.gov/standards/marcxml/schema/MARC21slim.xsd"
    xmlns="http://www.loc.gov/MARC21/slim">

  <leader>00411nam a22001697a 4500</leader>
  <controlfield tag="003">OSt</controlfield>
  <controlfield tag="008">240904b        |||||||| |||| 00| 0 eng d</controlfield>
  <datafield tag="020" ind1=" " ind2=" ">
    <subfield code="a">9788181592828</subfield>
  </datafield>
  <datafield tag="082" ind1=" " ind2=" ">
    <subfield code="a">332 MOB</subfield>
  </datafield>
  <datafield tag="100" ind1=" " ind2=" ">
    <subfield code="a">GOPINATH, M.N.</subfield>
  </datafield>
  <datafield tag="245" ind1=" " ind2=" ">
    <subfield code="a">Banking Principles and Operations</subfield>
  </datafield>
  <datafield tag="250" ind1=" " ind2=" ">
    <subfield code="a">7th. ed.</subfield>
  </datafield>
  <datafield tag="260" ind1=" " ind2=" ">
    <subfield code="a">Mumbai,</subfield>
    <subfield code="b">Snow White Publishers,</subfield>
    <subfield code="c">2023,</subfield>
  </datafield>
  <datafield tag="300" ind1=" " ind2=" ">
    <subfield code="a">804 p.</subfield>
  </datafield>
  <datafield tag="650" ind1=" " ind2=" ">
    <subfield code="a">Commerce</subfield>
  </datafield>
  <datafield tag="942" ind1=" " ind2=" ">
    <subfield code="2">ddc</subfield>
    <subfield code="c">BK</subfield>
  </datafield>
  <datafield tag="999" ind1=" " ind2=" ">
    <subfield code="c">12897</subfield>
    <subfield code="d">12897</subfield>
  </datafield>
  <datafield tag="952" ind1=" " ind2=" ">
    <subfield code="0">0</subfield>
    <subfield code="1">0</subfield>
    <subfield code="2">ddc</subfield>
    <subfield code="4">0</subfield>
    <subfield code="7">0</subfield>
    <subfield code="8">B.Com. Hons</subfield>
    <subfield code="a">PIETNCR</subfield>
    <subfield code="b">PIETNCR</subfield>
    <subfield code="d">2024-08-31</subfield>
    <subfield code="e">Zafaa Books &amp; Distributers</subfield>
    <subfield code="f">In Rupees</subfield>
    <subfield code="g">1095.00</subfield>
    <subfield code="k">ZBD0170</subfield>
    <subfield code="l">0</subfield>
    <subfield code="o">332 MOB</subfield>
    <subfield code="p">N3752</subfield>
    <subfield code="r">2024-09-04 00:00:00</subfield>
    <subfield code="v">821.25</subfield>
    <subfield code="w">2024-08-31</subfield>
    <subfield code="y">REF</subfield>
  </datafield>
  <datafield tag="952" ind1=" " ind2=" ">
    <subfield code="0">0</subfield>
    <subfield code="1">0</subfield>
    <subfield code="2">ddc</subfield>
    <subfield code="4">0</subfield>
    <subfield code="7">0</subfield>
    <subfield code="8">B.Com. Hons</subfield>
    <subfield code="a">PIETNCR</subfield>
    <subfield code="b">PIETNCR</subfield>
    <subfield code="d">2024-08-31</subfield>
    <subfield code="e">Zafaa Books &amp; Distributers</subfield>
    <subfield code="f">In Rupees</subfield>
    <subfield code="g">1095.00</subfield>
    <subfield code="k">ZBD0170</subfield>
    <subfield code="l">0</subfield>
    <subfield code="o">332 MOB</subfield>
    <subfield code="p">N3753</subfield>
    <subfield code="r">2024-09-04 00:00:00</subfield>
    <subfield code="v">821.25</subfield>
    <subfield code="w">2024-08-31</subfield>
    <subfield code="y">BK</subfield>
  </datafield>
  <datafield tag="952" ind1=" " ind2=" ">
    <subfield code="0">0</subfield>
    <subfield code="1">0</subfield>
    <subfield code="2">ddc</subfield>
    <subfield code="4">0</subfield>
    <subfield code="7">0</subfield>
    <subfield code="8">B.Com. Hons</subfield>
    <subfield code="a">PIETNCR</subfield>
    <subfield code="b">PIETNCR</subfield>
    <subfield code="d">2024-08-31</subfield>
    <subfield code="e">Zafaa Books &amp; Distributers</subfield>
    <subfield code="f">In Rupees</subfield>
    <subfield code="g">1095.00</subfield>
    <subfield code="k">ZBD0170</subfield>
    <subfield code="l">0</subfield>
    <subfield code="o">332 MOB</subfield>
    <subfield code="p">N3754</subfield>
    <subfield code="r">2024-09-04 00:00:00</subfield>
    <subfield code="v">821.25</subfield>
    <subfield code="w">2024-08-31</subfield>
    <subfield code="y">BK</subfield>
  </datafield>
  <datafield tag="952" ind1=" " ind2=" ">
    <subfield code="0">0</subfield>
    <subfield code="1">0</subfield>
    <subfield code="2">ddc</subfield>
    <subfield code="4">0</subfield>
    <subfield code="7">0</subfield>
    <subfield code="8">B.Com. Hons</subfield>
    <subfield code="a">PIETNCR</subfield>
    <subfield code="b">PIETNCR</subfield>
    <subfield code="d">2024-08-31</subfield>
    <subfield code="e">Zafaa Books &amp; Distributers</subfield>
    <subfield code="f">In Rupees</subfield>
    <subfield code="g">1095.00</subfield>
    <subfield code="k">ZBD0170</subfield>
    <subfield code="l">0</subfield>
    <subfield code="o">332 MOB</subfield>
    <subfield code="p">N3755</subfield>
    <subfield code="r">2024-09-04 00:00:00</subfield>
    <subfield code="v">821.25</subfield>
    <subfield code="w">2024-08-31</subfield>
    <subfield code="y">BK</subfield>
  </datafield>
  <datafield tag="952" ind1=" " ind2=" ">
    <subfield code="0">0</subfield>
    <subfield code="1">0</subfield>
    <subfield code="2">ddc</subfield>
    <subfield code="4">0</subfield>
    <subfield code="7">0</subfield>
    <subfield code="8">B.Com. Hons</subfield>
    <subfield code="a">PIETNCR</subfield>
    <subfield code="b">PIETNCR</subfield>
    <subfield code="d">2024-08-31</subfield>
    <subfield code="e">Zafaa Books &amp; Distributers</subfield>
    <subfield code="f">In Rupees</subfield>
    <subfield code="g">1095.00</subfield>
    <subfield code="k">ZBD0170</subfield>
    <subfield code="l">0</subfield>
    <subfield code="o">332 MOB</subfield>
    <subfield code="p">N3756</subfield>
    <subfield code="r">2024-09-04 00:00:00</subfield>
    <subfield code="v">821.25</subfield>
    <subfield code="w">2024-08-31</subfield>
    <subfield code="y">BK</subfield>
  </datafield>
</record>
